logo

HISOTRIAS Y RELATOS (Record no. 38084)

MARC details
000 -CABECERA
campo de control de longitud fija 00398nam a2200169Ia 4500
001 - NÚMERO DE CONTROL
campo de control 26099
005 - FECHA Y HORA DE LA ÚLTIMA TRANSACCIÓN
campo de control 20260407082740.0
008 - CÓDIGOS DE INFORMACIÓN DE LONGITUD FIJA
campo de control de longitud fija 260115s9999 xx 000 0 und d
035 ## - NÚMERO DE CONTROL DEL SISTEMA
Número de control de sistema 16473
090 ## - LOCALMENTE ASIGNADO TIPO-LC NÚMERO DE CLASIFICACIÓN (OCLC); NÚMERO DE CLASIFICACIÓN LOCAL (RLIN)
Número de clasificación (OCLC) (R) ; Numero de clasificación CALL (RLIN) (NR) 82-36
100 ## - PUNTO DE ACCESO PRINCIPAL - NOMBRE DE PERSONA
Nombre de persona WALTER, BENJAMIN
245 #0 - MENCIÓN DE TÍTULO
Título HISOTRIAS Y RELATOS
260 ## - PUBLICACIÓN, DISTRIBUCIÓN, ETC. (PIE DE IMPRENTA)
Nombre del editor distribuidor etc. MUCHNIK EDITORES
Fecha de publicación distribución etc. 2000
630 ## - PUNTO DE ACCESO ADICIONAL DE MATERIA--TÍTULO UNIFORME
Título uniforme CUENTOS CORTOS
650 ## - PUNTO DE ACCESO ADICIONAL DE MATERIA--TÉRMINO DE MATERIA
Término de materia o nombre geográfico como elemento inicial CUENTOS CORTOS HISTORIAS
942 ## - ELEMENTOS DE PUNTO DE ACCESO ADICIONAL (KOHA)
Tipo de ítem Koha Monografías
Holdings
Estado de retiro Estado de pérdida Estado dañado No para préstamo Código de colección Localización permanente Ubicación/localización actual Fecha de adquisición Total de préstamos Signatura topográfica completa Código de barras Fecha visto por última vez Número de copia Precio válido a partir de Tipo de ítem Koha Nota pública
          Servicio de Estudios Históricos Servicio de Estudios Históricos 27/04/2001   82-36 22701 05/02/2026 1 05/02/2026 Monografías 205 CTMS. 128 PAGS. 1500 PTAS (9´02 E). BARCELONA